Private equity investície v strednej a východnej Európe
Historický vývoj private equity v USA. Historický vývoj private equity v Európe. Klasifikácia private equity investícií. Vývoj trhu private equity investícií v strednej a východnej Európe. Objem a šturktúra private equity investícií v strednej a východnej Európe. Súčasné trendy v investičnej činnost...
Gespeichert in:
| 1. Verfasser: | |
|---|---|
| Format: | Buchkapitel |
| Sprache: | Slowakisch |
| Schlagworte: | |
| Tags: |
Keine Tags, Fügen Sie das erste Tag hinzu!
|
MARC
| LEADER | 00000naa a2200000 4500 | ||
|---|---|---|---|
| 001 | 0249943 | ||
| 005 | 20240502074012.6 | ||
| 041 | 0 | |a slo | |
| 044 | |a SK | ||
| 245 | 1 | 0 | |a Private equity investície v strednej a východnej Európe |c Kristína Jančovičová Bognárová |
| 520 | |a Historický vývoj private equity v USA. Historický vývoj private equity v Európe. Klasifikácia private equity investícií. Vývoj trhu private equity investícií v strednej a východnej Európe. Objem a šturktúra private equity investícií v strednej a východnej Európe. Súčasné trendy v investičnej činnosti. | ||
| 610 | 2 | 0 | |a investície súkromné |
| 610 | 2 | 0 | |a zdroje finančné cudzie |
| 610 | 2 | 0 | |a stratégia investičná |
| 610 | 2 | 0 | |a Slovensko |
| 610 | 2 | 0 | |a USA |
| 610 | 2 | 0 | |a stredná Európa |
| 610 | 2 | 0 | |a východná Európa |
| 610 | 2 | 0 | |a Európa |
| 100 | 1 | |a Jančovičová Bognárová, Kristína, 1979- | |